000
00287nam a2200109Ia 4500
008
220204s9999 xx 000 0 und d
082
_a
632.9:001.814
_b
ADV.8
245
0
_a
Advances in pest control research. V 08
260
_a
New York
_b
Wiley
_c
1968
650
_a
Pest control
942
_c
BK
999
_c
21286
_d
21286